Handbook of forest engineering.-- (Record no. 76093)
[ view plain ]
| 000 -LEADER | |
|---|---|
| fixed length control field | 00831nam a2200157 a 4500 |
| 008 - FIXED-LENGTH DATA ELEMENTS--GENERAL INFORMATION | |
| fixed length control field | 120416s0000 ||||||||||||||||| || u |
| 020 ## - INTERNATIONAL STANDARD BOOK NUMBER | |
| International Standard Book Number | 8170892120 |
| 050 ## - LIBRARY OF CONGRESS CALL NUMBER | |
| Classification number | SD 388 Neg |
| 100 ## - MAIN ENTRY--PERSONAL NAME | |
| Personal name | Negi, S. S |
| 245 10 - TITLE STATEMENT | |
| Title | Handbook of forest engineering.-- |
| 260 ## - PUBLICATION, DISTRIBUTION, ETC. | |
| Place of publication, distribution, etc. | Dehra Dun |
| Name of publisher, distributor, etc. | International book distributors |
| Date of publication, distribution, etc. | 1994 |
| 350 ## - | |
| -- | 0.00 |
| 995 ## - | |
| -- | ANNEX COLLECTION (Main Library) |
| -- | 0.00 |
| -- | 732022 |
| -- | CBU-MAIN LIBRARY (Kitwe) |
| -- | 1 |
| -- | 37.95 |
| -- | SD 388 Neg |
| -- | 1 |
| -- | AVAILABLE |
| -- | 44884 |
| -- | Annex Low-Usage Collection |
| 995 ## - | |
| -- | ANNEX COLLECTION (Main Library) |
| -- | 0.00 |
| -- | 732023 |
| -- | CBU-MAIN LIBRARY (Kitwe) |
| -- | 2 |
| -- | 37.95 |
| -- | SD 388 Neg |
| -- | 2 |
| -- | AVAILABLE |
| -- | Jul 6, 2006 |
| -- | 44882 |
| -- | Annex Low-Usage Collection |
| 995 ## - | |
| -- | ANNEX COLLECTION (Main Library) |
| -- | 0.00 |
| -- | 732024 |
| -- | CBU-MAIN LIBRARY (Kitwe) |
| -- | 3 |
| -- | 37.95 |
| -- | SD 388 Neg |
| -- | 3 |
| -- | AVAILABLE |
| -- | Jul 25, 2006 |
| -- | 44881 |
| -- | Annex Low-Usage Collection |
| 999 ## - | |
| -- | 76093 |
| -- | 76093 |
| Withdrawn status | Lost status | Source of classification or shelving scheme | Damaged status | Not for loan | Permanent Location | Current Location | Shelving location | Date acquired | Total Checkouts | Full call number | Barcode | Date last seen | Copy number | Price effective from | Koha item type |
|---|---|---|---|---|---|---|---|---|---|---|---|---|---|---|---|
| CBU-MAIN LIBRARY, KITWE. | CBU-MAIN LIBRARY, KITWE. | 04/25/2023 | SD 388 Neg | 44884 | 04/25/2023 | 1 | 04/25/2023 | MONOGRAPH | |||||||
| Withdrawn | CBU-MAIN LIBRARY, KITWE. | CBU-MAIN LIBRARY, KITWE. | 04/25/2023 | SD 388 Neg | 44882 | 04/25/2023 | 2 | 04/25/2023 | MONOGRAPH | ||||||
| CBU-MAIN LIBRARY, KITWE. | CBU-MAIN LIBRARY, KITWE. | 04/25/2023 | SD 388 Neg | 44881 | 04/25/2023 | 3 | 04/25/2023 | MONOGRAPH |